| 000 | 00556nam a2200169Ia 4500 | ||
|---|---|---|---|
| 008 | 090711s9999 xx 000 0 und d | ||
| 082 | _b51536 | ||
| 100 | _aकेळकर ग. म. | ||
| 245 | _aयुध्दकथा एल्गार एल्गार | ||
| 260 | _c1981 | ||
| 300 | _a94 | ||
| 600 | _aकेळकर ग. म. | ||
| 630 | _aयुध्दकथा एल्गार एल्गार | ||
| 700 | _aकेळकर ग. म. | ||
| 730 | _aयुध्दकथा एल्गार एल्गार | ||
| 942 | _cBOOK | ||
| 999 |
_c330759 _d330759 |
||